El largo exilio en Alemania y Suiza (1814-1848) del bibliófilo y crítico literario Álvaro Agustín de Liaño, emigrado liberal y disidente religioso / (Record no. 184811)

MARC details
000 -LEADER
campo de control de longitud fija 00962nam a2200205 i 4500
001 - NÚMERO DE CONTROL
campo de control 184811
003 - IDENTIFICADOR DE NÚMERO DE CONTROL
campo de control ES-MaACL
005 - FECHA Y HORA DE LA ÚLTIMA TRANSACCIÓN
campo de control 20251003180409.0
008 - DATOS DE LONGITUD FIJA--INFORMACIÓN GENERAL
campo de control de longitud fija 160120s2007 sp |||| |bspa d
080 ## - NÚMERO DE LA CLASIFICACIÓN DECIMAL UNIVERSAL
Número de la Clasificación Decimal Universal 929 Liaño, Álvaro Agustín de
100 1# - ENTRADA PRINCIPAL--NOMBRE DE PERSONA
Nombre de persona Vilar, Juan Bautista,
Fechas asociadas al nombre 1941-2018
9 (RLIN) 114797
245 13 - MENCIÓN DEL TÍTULO
Título El largo exilio en Alemania y Suiza (1814-1848) del bibliófilo y crítico literario Álvaro Agustín de Liaño, emigrado liberal y disidente religioso /
Mención de responsabilidad, etc. Juan B. Vilar.
260 ## - PUBLICACIÓN, DISTRIBUCIÓN, ETC.
Lugar de publicación, distribución, etc. Murcia :
Nombre del editor, distribuidor, etc. Editum.
300 ## - DESCRIPCIÓN FÍSICA
Extensión P. 423-432 ;
Dimensiones 24 cm.
504 ## - NOTA DE BIBLIOGRAFÍA, ETC.
Nota de bibliografía, etc. Referencias bibliográficas.
595 ## -
-- Separata de: Historia y sociabilidad : homenaje a la profesora María del Carmen Melendreras Gimeno / Juan B. Vilar, Antonio Peñafiel Ramón, Antonio Irigoyen López (coords.)
600 17 - PUNTO DE ACCESO ADICIONAL DE MATERIA--NOMBRE DE PERSONA
Nombre de persona Liaño, Alvaro Augustin de,
Fechas asociadas al nombre 1782-1848
Fuente del encabezamiento o término
9 (RLIN) 158529
852 ## - LOCALIZACIÓN
Ubicación ES-MaACL
Número de control de estantería 2139-F-18
Nota libre . - Dedicatoria autógrafa del autor
Holdings
Estatus retirado Estado de pérdida Estado de daño No para préstamo Colección Biblioteca de origen Biblioteca actual Ubicación en estantería Fecha de adquisición Fuente de adquisición Total de préstamos Signatura topográfica completa Código de barras Visto por última vez Precio de reemplazo Tipo de ítem Koha
        Colección de folletos Biblioteca del Ateneo de Madrid Biblioteca del Ateneo de Madrid Depósito folletos 20/01/2016     2139-F-18 1194620 23/02/2023 23/02/2023 Folleto